| 000 | 00689cam a2200253 4500500 | ||
|---|---|---|---|
| 005 | 20260405003536.0 | ||
| 041 | _afre | ||
| 042 | _adc | ||
| 100 | 1 | 0 |
_aMorel, François _eauthor |
| 245 | 0 | 0 | _aConseil n° 20. Redescendons sur Terre |
| 260 | _c2022. | ||
| 500 | _a37 | ||
| 690 | _aArgent | ||
| 690 | _aBretagne | ||
| 690 | _aCiel | ||
| 690 | _aEspace | ||
| 690 | _aFrançois Morel | ||
| 690 | _aHumour | ||
| 690 | _aJeff Bezos | ||
| 690 | _aRire | ||
| 690 | _aVacances | ||
| 786 | 0 | _nPhilosophie magazine | 161 | 8 | 2022-07-01 | p. 71-71 | 1951-1787 | |
| 856 | 4 | 1 | _uhttps://shs.cairn.info/magazine-philosophie-magazine-2022-8-page-71?lang=fr&redirect-ssocas=7080 |
| 999 |
_c2068526 _d2068526 |
||